00615 2200217 4500001002100000005001700021008004100038020001800079035002400097041000800121043001200129082001200141090001900153100004300172245007500215250001000290260003700300300002700337850001200364990002100376YOGYA-0811000000004920110824135009.0 ind  a979-1026-14-9 0010-081100000000049 aInd aYOPDYOG a297.352 a297.352bAbd H aAbu Thalhah Muhammad Yunus Abdussattar aHai Jalan - jalan atau ibadah?cAbu Thalhah Muhammad Yunus Abdussattar acet.1 aJakartabMaghfirah Pustakac2006 a380 hlm.bilus.c21 cm aYOPDYOG a41076-PD/A.10b1